000 00397nmm a2200145Ia 4500
008 251105s9999||||xx |||||||||||||||||und||
041 _aspa
100 _aKirk, Shannon
245 0 _aEl método 15/33
264 _a[Madrid, España] :
_bEdiciones B,
_c2016
300 _a352 páginas
650 _aThriller & Suspense
856 _uhttps://public.digitaliapublishing.com/a/53821
942 _cCF
999 _c106114
_d106114